|
|
|
|
| LEADER |
01085nam a22003014a 4500 |
| 001 |
7631 |
| 003 |
BD-DhAAL |
| 005 |
20150818124848.0 |
| 008 |
150818s2004 nyu b 001 0 eng |
| 010 |
|
|
|a 2003058655
|
| 020 |
|
|
|a 0415256801
|
| 020 |
|
|
|a 041525681X (pbk.)
|
| 040 |
|
|
|a DLC
|c DLC
|d YDX
|d BAKER
|d NLGGC
|d DLC
|d BD-DhAA
|
| 050 |
0 |
0 |
|a BJ1012
|b .E8938 2004
|
| 082 |
0 |
0 |
|a 170
|2 22
|
| 245 |
0 |
0 |
|a Ethics :
|b contemporary readings /
|c edited by Harry J. Gensler, Earl W. Spurgin, and James C. Swindal.
|
| 260 |
|
|
|a New York :
|b Routledge,
|c 2004.
|
| 300 |
|
|
|a ix, 314 p. ;
|c 24 cm.
|
| 490 |
|
|
|a Routledge contemporary readings in philosophy
|
| 504 |
|
|
|a Includes bibliographical references and index.
|
| 541 |
|
|
|e 7631
|
| 650 |
|
0 |
|a Ethics.
|9 13929
|
| 700 |
1 |
|
|a Gensler, Harry J.,
|d 1945-
|9 13847
|
| 700 |
1 |
|
|a Spurgin, Earl W.
|9 13848
|
| 700 |
1 |
|
|a Swindal, James.
|9 13849
|
| 942 |
|
|
|2 ddc
|c BK
|
| 999 |
|
|
|c 35278
|d 35278
|
| 952 |
|
|
|0 0
|1 0
|2 ddc
|4 0
|6 170_000000000000000_ETH
|7 0
|9 55364
|a SCL
|b SCL
|c GEN
|d 2015-08-18
|g 2700.00
|l 14
|m 33
|o 170 ETH
|p 3020007631
|r 2026-02-19
|s 2026-02-02
|t 1
|w 2015-08-18
|y BK
|